<?xml version="1.0" encoding="UTF-8"?><?xml-stylesheet type="text/xsl" href="static/style.xsl"?><OAI-PMH xmlns="http://www.openarchives.org/OAI/2.0/" xmlns:xsi="http://www.w3.org/2001/XMLSchema-instance" xsi:schemaLocation="http://www.openarchives.org/OAI/2.0/ http://www.openarchives.org/OAI/2.0/OAI-PMH.xsd"><responseDate>2026-05-01T14:51:35Z</responseDate><request verb="GetRecord" identifier="oai:repisalud.isciii.es:20.500.12105/13492" metadataPrefix="marc">https://repisalud.isciii.es/rest/oai/request</request><GetRecord><record><header><identifier>oai:repisalud.isciii.es:20.500.12105/13492</identifier><datestamp>2025-05-08T08:56:29Z</datestamp><setSpec>com_20.500.12105_2052</setSpec><setSpec>com_20.500.12105_2051</setSpec><setSpec>col_20.500.12105_19627</setSpec></header><metadata><record xmlns="http://www.loc.gov/MARC21/slim" xmlns:dcterms="http://purl.org/dc/terms/" xmlns:doc="http://www.lyncode.com/xoai" xmlns:xsi="http://www.w3.org/2001/XMLSchema-instance" xsi:schemaLocation="http://www.loc.gov/MARC21/slim http://www.loc.gov/standards/marcxml/schema/MARC21slim.xsd">
   <leader>00925njm 22002777a 4500</leader>
   <datafield ind2=" " ind1=" " tag="042">
      <subfield code="a">dc</subfield>
   </datafield>
   <datafield ind2=" " ind1=" " tag="720">
      <subfield code="a">Acevedo-Nuevo, María</subfield>
      <subfield code="e">author</subfield>
   </datafield>
   <datafield ind2=" " ind1=" " tag="720">
      <subfield code="a">González-Gil, María Teresa</subfield>
      <subfield code="e">author</subfield>
   </datafield>
   <datafield ind2=" " ind1=" " tag="720">
      <subfield code="a">Martin Arribas, Maria Concepcion</subfield>
      <subfield code="e">author</subfield>
   </datafield>
   <datafield ind2=" " ind1=" " tag="260">
      <subfield code="c">2021-11-11</subfield>
   </datafield>
   <datafield ind2=" " ind1=" " tag="520">
      <subfield code="a">Aim: The general aim of this study was to explore the decision-making process followed by Intensive Care Unit (ICU) health professionals with respect to physical restraint (PR) administration and management, along with the factors that influence it. Method: A qual-quant multimethod design was sequenced in two stages: an initial stage following a qualitative methodology; and second, quantitative with a predominant descriptive approach. The multicenter study was undertaken at 17 ICUs belonging to 11 public hospitals in the Madrid region (Spain) across the period 2015 through 2019. The qualitative stage was performed from an interpretative phenomenological perspective. A total of eight discussion groups (DG) were held, with the participation of 23 nurses, 12 patient care nursing assistants, and seven physicians. Intentional purposive sampling was carried out. DG were tape-recorded and transcribed. A thematic analysis of the latent content was performed. In the quantitative stage, we maintained a 96-h observation period at each ICU. Variables pertaining to general descriptive elements of each ICU, institutional pain-agitation/sedation-delirium (PAD) monitoring policies and elements linked to quality of PR use were recorded. A descriptive analysis was performed, and the relationship between the variables was analyzed. The level of significance was set at p ≤ 0.05. Findings: A total of 1070 patients were observed, amounting to a median prevalence of PR use of 19.11% (min: 0%-max: 44.44%). The differences observed between ICUs could be explained by a difference in restraint conceptualization. The various actors involved jointly build up a health care culture and a conceptualization of the terms "safety-risk", which determine decision-making about the use of restraints at each ICU. These shared meanings are the germ of beliefs, values, and rituals which, in this case, determine the greater or lesser use of restraints. There were different profiles of PR use among the units studied: preventive restraints versus "Zero" restraints. The differences corresponded to aspects such as: systematic use of tools for assessment of PAD; interpretation of patient behavior; the decision-making process, the significance attributed to patient safety and restraints; and the feelings generated by PR use. The restraint-free model requires an approach to safety from a holistic perspective, with the involvement of all team members and the family.</subfield>
   </datafield>
   <datafield ind1="8" ind2=" " tag="024">
      <subfield code="a">Int J Environ Res Public Health  . 2021;18(22):11826</subfield>
   </datafield>
   <datafield ind1="8" ind2=" " tag="024">
      <subfield code="a">10.3390/ijerph182211826</subfield>
   </datafield>
   <datafield ind1="8" ind2=" " tag="024">
      <subfield code="a">1660-4601</subfield>
   </datafield>
   <datafield ind1="8" ind2=" " tag="024">
      <subfield code="a">International Journal of Environmental Research And Public Health</subfield>
   </datafield>
   <datafield ind1="8" ind2=" " tag="024">
      <subfield code="a">34831583</subfield>
   </datafield>
   <datafield ind1="8" ind2=" " tag="024">
      <subfield code="a">http://hdl.handle.net/20.500.12105/13492</subfield>
   </datafield>
   <datafield tag="653" ind2=" " ind1=" ">
      <subfield code="a">PAD assessment</subfield>
   </datafield>
   <datafield tag="653" ind2=" " ind1=" ">
      <subfield code="a">Critical care</subfield>
   </datafield>
   <datafield tag="653" ind2=" " ind1=" ">
      <subfield code="a">Intensive care units</subfield>
   </datafield>
   <datafield tag="653" ind2=" " ind1=" ">
      <subfield code="a">Mixed-method research</subfield>
   </datafield>
   <datafield tag="653" ind2=" " ind1=" ">
      <subfield code="a">Multicenter study</subfield>
   </datafield>
   <datafield tag="653" ind2=" " ind1=" ">
      <subfield code="a">Multimethod research</subfield>
   </datafield>
   <datafield tag="653" ind2=" " ind1=" ">
      <subfield code="a">Physical</subfield>
   </datafield>
   <datafield tag="653" ind2=" " ind1=" ">
      <subfield code="a">Physical/standards</subfield>
   </datafield>
   <datafield tag="653" ind2=" " ind1=" ">
      <subfield code="a">Restraint</subfield>
   </datafield>
   <datafield ind2="0" ind1="0" tag="245">
      <subfield code="a">Physical Restraint Use in Intensive Care Units: Exploring the Decision-Making Process and New Proposals. A Multimethod Study</subfield>
   </datafield>
</record></metadata></record></GetRecord></OAI-PMH>